ALL INDIA REPORTER, [1984] [ VOL-71] SUPREME COURT SECTION (Record no. 7154)

MARC details
000 -LEADER
fixed length control field 00394nam a22001457a 4500
005 - DATE AND TIME OF LATEST TRANSACTION
control field 20200613152611.0
008 - FIXED-LENGTH DATA ELEMENTS--GENERAL INFORMATION
fixed length control field 200613b xxu||||| |||| 00| 0 eng d
082 ## - DEWEY DECIMAL CLASSIFICATION NUMBER
Classification number 345.4 AIR
110 ## - MAIN ENTRY--CORPORATE NAME
Corporate name or jurisdiction name as entry element ALL INDIA REPORTER
245 ## - TITLE STATEMENT
Title ALL INDIA REPORTER, [1984] [ VOL-71] SUPREME COURT SECTION
260 ## - PUBLICATION, DISTRIBUTION, ETC. (IMPRINT)
Place of publication MUMBAI
Name of publisher ALL INDIA REPORTER
300 ## - PHYSICAL DESCRIPTION
Number of Pages 1120;p
650 ## - SUBJECT ADDED ENTRY--TOPICAL TERM
Topical Term LAW
942 ## - ADDED ENTRY ELEMENTS (KOHA)
Koha item type Journals/Serial
Holdings
Lost status Damaged status Collection code Home library Current library Shelving location Date acquired Source of acquisition Full call number Accession Number Koha item type
    LAW JRU Library JRU Library SHELF-38-A 25/06/2020 PURCHESS 345.4 AIR 24722 Journals/Serial